00696 2200229 4500001002100000005001500021035002000036007000300056008003900059020001900098082000800117084001400125100002700139245009500166250001400261260004500275300004200320650003500362650003100397504002000428990001800448INLIS00000000000528520250313085249 a0010-0325000010ta250313 | | |  a978602277812-7 a520 a520 DAN k0 aDanang Rukmono Nugroho1 aKumpulan Soal dan Pembahasan Olimpiade Astronomi SMA :bJilid II /cDanang Rukmono Nugroho aCet. 1,-- aBandung. :bPenerbit Yrama Widya,c2019. aviii+552 hlm. :bilus. ;c18 x 25 cm. aDesain sampul, Rudini Rusmawan aTata letak, Miftah & Teguh aTentang Penulis a16229/P/BL/25